Memòria del SIEM : Servei d'Información Econòmica Municipal Servei d'Información Econòmica Municipal
Descripción Física:
133 p. ; 23 cm
Materias:
Economia urbana
MARC
| LEADER | 00000nam a2200000Ia 4500 | ||
|---|---|---|---|
| 001 | 23636 | ||
| 008 | 160829s2012 xx 000 0 cat d | ||
| 080 | |a Bib-14 | ||
| 245 | |a Memòria del SIEM : |b Servei d'Información Econòmica Municipal | ||
| 260 | |a Barcelona : |b Diputació de Barcelona, |c 2012 | ||
| 300 | |a 133 p. ; |c 23 cm | ||
| 650 | |a Economia urbana |9 50145 | ||
| 710 | 1 | |a Barcelona (Catalunya : Província). |b Servei d'Informació Econòmica Municipal |9 52724 | |
| 710 | 1 | |a Barcelona (Catalunya : Província). |b Diputació |9 52408 | |
| 901 | |a Arxiu | ||
| 942 | |n 1 | ||
| 952 | |0 0 |1 0 |4 0 |6 BIB14 |7 1 |9 55808 |a Arxiu |b Arxiu |d 2016-12-01 |l 0 |o Bib-14 |p 23636 |r 2016-12-01 00:00:00 |w 2016-12-01 |y ARXIU | ||
| 999 | |c 59681 |d 59681 | ||